Better color movies ; quick, simple answers to common problems of amateur movie makers.

Bibliographic Details
Main Author: Bond, Fred
Format: Book
Language:English
Published: San Francisco : Camera Craft Pub. Co., [1948]
Subjects:

MARC

Tag First Indicator Second Indicator Subfields
LEADER 00000cam a2200000 4500
001 in00000440121
005 20151012080151.0
008 740228s1948 caua 00000 eng u
010 |a  49007333  
035 |a (OCoLC)00817638 
035 |9 ABX4834AM 
040 |c CPL  |d TXA  |d UtOrBLW 
049 |a TXAM  |c [168024] 
050 0 |a TR853  |b .B6 
082 0 |a 778.6 
092 |a 778.6  |b B711b 
100 1 |a Bond, Fred. 
245 1 0 |a Better color movies ;  |b quick, simple answers to common problems of amateur movie makers. 
264 1 |a San Francisco :  |b Camera Craft Pub. Co.,  |c [1948] 
264 4 |c [©1948] 
300 |a 156 pages :  |b illustrations (part color) ;  |c 24 cm. 
336 |a text  |b txt  |2 rdacontent 
337 |a unmediated  |b n  |2 rdamedia 
338 |a volume  |b nc  |2 rdacarrier 
650 0 |a Cinematography. 
650 0 |a Color photography. 
999 |a MARS 
999 f f |s 479f8469-6c6c-322d-9d7b-bc047817cdaf  |i 64389626-ec32-3759-ba48-0d09eaa2fff4  |t 0 
952 f f |p ric  |a Texas A&M University  |b Rellis Campus  |c Joint Library Facility  |d Remote Storage  |t 0  |e TR853 .B6  |h Library of Congress classification  |i unmediated -- volume  |m A14801161898 
998 f f |a TR853 .B6  |t 0  |l Remote Storage